000 00523nam a2200169Ia 4500
999 _c21046
_d21046
003 OSt
005 20200609095332.0
008 190216s9999||||xx |||||||||||||| ||und||
020 _a9788175962316
040 _coclc
082 _a327.54009045
_bNAY/I
100 _aNayar, Baldev Raj
_92650
245 0 _aIndia In The World Order /
_cBaldev Raj Nayar ; T V Paul
260 _bCambridge Uty Press,
_aNew Delhi:
_c2004.
300 _a291p
942 _cBK
_2ddc
_h327.54009045
_iNAY/I
_k327.54009045
_mNAY/I